000 00370nam a2200157Ia 4500
999 _c31530
_d31530
003 OSt
005 20250710114944.0
008 250310s9999||||xx |||||||||||||| ||und||
040 _c.
082 _a823
_bP994
100 _95995
_aPuzo, Mario
245 0 _aThe fourth k /
_cMario Puzo
260 _aNew York :
_bRandom house,
_c1990.
300 _a479 p.
942 _cBK
_2ddc